000 01254nam a2200313Ia 4500
001 ebr10285236
003 CaPaEBR
006 m u
007 cr cn|||||||||
008 070118s2006 enk sb 001 0 eng d
020 _z9781412930284
040 _aCaPaEBR
_cCaPaEBR
035 _a(OCoLC)285481124
050 1 4 _aRC569.5.A28
_bD73 2006eb
100 1 _aBurke-Draucker, Claire.
245 1 0 _aCounseling survivors of childhood sexual abuse
_h[electronic resource] /
_cClaire Burke Draucker and Donna Steele Martsolf.
250 _a3rd ed.
260 _aLondon ;
_aThousand Oaks,[Calif.] :
_bSage Publications,
_c2006.
300 _a166 p.
490 0 _aCounseling in practice
504 _aIncludes bibliographical references and index.
533 _aElectronic reproduction.
_bPalo Alto, Calif. :
_cebrary,
_d2011.
_nAvailable via World Wide Web.
_nAccess may be limited to ebrary affiliated libraries.
650 0 _aAdult child sexual abuse victims
_xCounseling of.
650 0 _aPsychology.
655 7 _aElectronic books.
_2local
700 1 _aMartsolf, Donna Steele.
710 2 _aebrary, Inc.
856 4 0 _uhttp://site.ebrary.com/lib/rucke/Doc?id=10285236
_zAn electronic book accessible through the World Wide Web; click to view
999 _c1885
_d1885